Baju Kurung : (Record no. 202591)

MARC details
000 -LEADER
fixed length control field 01438nam a2200349 i 4500
003 - CONTROL NUMBER IDENTIFIER
control field OSt
005 - DATE AND TIME OF LATEST TRANSACTION
control field 20260120174418.0
008 - FIXED-LENGTH DATA ELEMENTS--GENERAL INFORMATION
fixed length control field 260106t20222022my ao gr f000 0 may d
020 ## - INTERNATIONAL STANDARD BOOK NUMBER
International Standard Book Number 9789670372440
Qualifying information paperback
Terms of availability RM34.00
040 ## - CATALOGING SOURCE
Original cataloging agency PPAK
Language of cataloging eng
Transcribing agency PPAK
Description conventions rda
082 04 - DEWEY DECIMAL CLASSIFICATION NUMBER
Classification number 391.009595
Edition number 23
090 00 - LOCALLY ASSIGNED LC-TYPE CALL NUMBER (OCLC); LOCAL CALL NUMBER (RLIN)
Classification number (OCLC) (R) ; Classification number, CALL (RLIN) (NR) 391.009595
Feature heading BAJ
Feature heading R
245 10 - TITLE STATEMENT
Title Baju Kurung :
Remainder of title BUSANA SEPANJANG ZAMAN : Koleksi Terpilih Jabatan Muzium Malaysia /
Statement of responsibility, etc. Editorial Jawatankuasa Editorial Penerbitan, Jabatan Muzium Malaysia ; Editorial Bahasa Abd. Karim bin A Bakar
264 #1 - PRODUCTION, PUBLICATION, DISTRIBUTION, MANUFACTURE, AND COPYRIGHT NOTICE
Place of production, publication, distribution, manufacture Kuala Lumpur, Malaysia :
Name of producer, publisher, distributor, manufacturer Jabatan Muzium Malaysia,
Date of production, publication, distribution, manufacture, or copyright notice 2022
Date of production, publication, distribution, manufacture, or copyright notice ©2022
300 ## - PHYSICAL DESCRIPTION
Extent 100 pages :
Other physical details illustrations, colour photographs ;
Dimensions 23 cm
336 ## - CONTENT TYPE
Content type term text
Source rdacontent
Content type term still image
Source rdacontent
337 ## - MEDIA TYPE
Media type term unmediated
Source rdamedia
338 ## - CARRIER TYPE
Carrier type term volume
Source rdacarrier
504 ## - BIBLIOGRAPHY, ETC. NOTE
Bibliography, etc. note Bibliography: page 99.
520 ## - SUMMARY, ETC.
Summary, etc. Collected information about Baju Kurung in Malaysia.
583 ## - ACTION NOTE
Action Retained
Authorization “This book must not be disposed of.”
650 10 - SUBJECT ADDED ENTRY--TOPICAL TERM
Topical term or geographic name entry element Ethnic costume
Geographic subdivision Malaysia
Topical term or geographic name entry element Malays (Asian people)
General subdivision Costume
Geographic subdivision Malaysia
Topical term or geographic name entry element Clothing and dress
Geographic subdivision Malaysia
Topical term or geographic name entry element Government publications
Geographic subdivision Malaysia
651 #0 - SUBJECT ADDED ENTRY--GEOGRAPHIC NAME
Geographic name Malaysia
General subdivision Social life and customs
700 0# - ADDED ENTRY--PERSONAL NAME
Personal name Abd. Karim A. Bakar,
Relator term editor.
710 1# - ADDED ENTRY--CORPORATE NAME
Corporate name or jurisdiction name as entry element Malaysia.
Subordinate unit Jabatan Muzium.
-- Jawatankuasa Editorial Penerbitan,
Relator term editor.
942 ## - ADDED ENTRY ELEMENTS (KOHA)
Source of classification or shelving scheme Dewey Decimal Classification
Koha item type Book
Holdings
Withdrawn Not for loan Current library Shelving location Date acquired Total Checkouts Full call number Barcode Date last seen Koha item type
  Not For Loan Perpustakaan Alor Setar Rujukan Dewasa 25/01/2026   R 391.009595 BAJ A01899657 25/01/2026 Book
  Not For Loan Perpustakaan Awam Sungai Petani Rujukan Dewasa 25/01/2026   R 391.009595 BAJ A01899658 25/01/2026 Book
  Not For Loan Perpustakaan Jitra Rujukan Dewasa 25/01/2026   R 391.009595 BAJ A01899659 25/01/2026 Book
  Not For Loan Perpustakaan Kuala Nerang Rujukan Dewasa 25/01/2026   R 391.009595 BAJ A01899667 25/01/2026 Book
  Not For Loan Perpustakaan Kulim Rujukan Dewasa 25/01/2026   R 391.009595 BAJ A01899661 25/01/2026 Book
  Not For Loan Perpustakaan Langkawi Rujukan Dewasa 25/01/2026   R 391.009595 BAJ A01899660 25/01/2026 Book
  Not For Loan Perpustakaan Merbok Rujukan Dewasa 25/01/2026   R 391.009595 BAJ A01899664 25/01/2026 Book
  Not For Loan Perpustakaan Pendang Rujukan Dewasa 25/01/2026   R 391.009595 BAJ A01899668 25/01/2026 Book
  Not For Loan Perpustakaan Yan Rujukan Dewasa 25/01/2026   R 391.009595 BAJ A01899665 25/01/2026 Book